LEADER 01125nam a2200313 i 4500 001 991000495479707536 008 041019s2003 flua b 001 0 eng d 020 $a1584883650 035 $ab13229436-39ule_inst 040 $aDip.to Matematica$beng 082 0 $a516.352$221 084 $aAMS 11G05 084 $aAMS 94A60 084 $aLC QA567.2.E44W37 100 1 $aWashington, Lawrence C.$056474 245 10$aElliptic curves :$bnumber theory and cryptography /$cLawrence C. Washington 260 $aBoca Raton :$bChapman & Hall/CRC,$cc2003 300 $axi, 428 p. :$bill. ;$c24 cm 440 0$aDiscrete mathematics and its applications 504 $aIncludes bibliographical references (p. 415-423) and index 650 0$aCurves, Elliptic 650 0$aNumber theory 650 0$aCryptography 907 $a.b13229436$b21-09-06$c19-10-04 912 $a991000495479707536 945 $aLE013 11G WAS11 (2003)$g1$i2013000149165$lle013$op$pE71.33$q-$rl$s- $t0$u9$v28$w9$x0$y.i13954817$z06-12-04 996 $aElliptic curves$91101599 997 $aUNISALENTO 998 $ale013$b19-10-04$cm$da $e-$feng$gflu$h0$i0 LEADER 03021nam 2200601 450 001 9910789027803321 005 20220205002346.0 010 $a0-8130-4669-6 010 $a0-8130-4861-3 035 $a(CKB)3710000000087862 035 $a(EBL)1632926 035 $a(SSID)ssj0001111454 035 $a(PQKBManifestationID)12491193 035 $a(PQKBTitleCode)TC0001111454 035 $a(PQKBWorkID)11130472 035 $a(PQKB)11494400 035 $a(StDuBDS)EDZ0000865103 035 $a(MiAaPQ)EBC1632926 035 $a(OCoLC)870646730 035 $a(MdBmJHUP)muse33103 035 $a(Au-PeEL)EBL1632926 035 $a(CaPaEBR)ebr10837501 035 $a(CaONFJC)MIL575656 035 $a(EXLCZ)993710000000087862 100 $a20130730h20142014 uy| 0 101 0 $aeng 135 $aur|||||||nn|n 181 $ctxt 182 $cc 183 $acr 200 00$aBlack power in the Caribbean /$fedited by Kate Quinn 210 1$aGainesville :$cUniversity Press of Florida,$d[2014] 210 4$dİ2014 215 $a1 online resource (288 p.) 300 $aDescription based upon print version of record. 311 $a0-8130-4909-1 320 $aIncludes bibliographical references and index. 327 $aIntroduction: New perspectives on black power in the Caribbean / Kate Quinn -- Part I: Black power in Caribbean context / Kate Quinn -- Black power in the postindependence Anglophone Caribbean -- Jamaican black power in the 1960s / Rupert Lewis -- The Abeng newspaper and the radical politics of postcolonial blackness / Anthony Bogues -- The February Revolution as a catalyst for change in Trinidad and Tobago / Brinsley Samaroor -- Secondary decolonization: the black power moment in Barbados, c. 1970 / Richard Drayton -- "Sitting on a volcano": black power in Burnham's Guyana / Kate Quinn -- An organic activist: Eusi Kwayana, Guyana, and global Pan-Africanism / Nigel Westmaas -- Part II: Black power in colonial contexts -- Black power in the political thought of Antigua and Barbuda / Paget Henry -- I & I shot the sheriff: black power and decolonization in Bermuda (1968-1977) / Quito Swan -- Youth responses to discriminatory practices: the free beach movement, 1970-1975 / Derick Hendricks -- Black power, popular revolt, and decolonization in the Dutch Caribbean / Gert Oostindie -- Conclusion: Black power forty years on: an introspection / Brian Meeks. 330 $aThe first collection to explore the Black Power movement in its various manifestations across the Caribbean. 606 $aBlack power$zWest Indies$xHistory 606 $aBlack people$zWest Indies$xHistory 607 $aWest Indies$xRace relations 615 0$aBlack power$xHistory. 615 0$aBlack people$xHistory. 676 $a305.896/0729 701 $aQuinn$b Kate$f1975-$01533944 801 0$bMiAaPQ 801 1$bMiAaPQ 801 2$bMiAaPQ 906 $aBOOK 912 $a9910789027803321 996 $aBlack power in the Caribbean$93781094 997 $aUNINA